000 01399nab a2200229 i 4500
001 BPP
003 BPK
005 20160411142913.0
008 140714s1981 pl | f |000 ||pol
040 _cBPK
080 _a621.9
100 _aBORKOWSKI, Józef.
_d1975 - 1996.
_bWyższa Szkoła Inżynierska w Koszalinie - Instytut Budowy Maszyn,
_cZakład Technologii Maszyn
245 _aElektrostatyczne pozyskiwanie ziarn monokrystalicznych ze standardowego ścierniwa węglika krzemu /
_cJózef Borkowski, Mirosław Wiśniewski.
260 _c1981.
500 _aDane z autopsji.
520 _aW artykule omówiono ogólne warunki zastosowania wysokonapięciowego pola elektrycznego do wzbogacania ścierniw węglika krzemu w ziarna monokrystaliczne. Przedstawiono stanowisko badawcze i metodykę przeprowadzonych eksperymentów oraz wyniki doświadczeń pozwalające na ocenę jakości segregacji. Omówiono także kierunki stosowania tego sposobu rozdziału ziarn ściernych.
650 0 _aMateriały ścierne.
650 0 _aSzlifowanie - narzędzia i maszyny.
700 _aWIŚNIEWSKI, Mirosław.
_d1979 - 1996.
_bWyższa Szkoła Inżynierska w Koszalinie - Instytut Budowy Maszyn,
_cZakład Technologii Maszyn
773 _iW :
_tZeszyty Naukowe Wyższej Szkoły Inżynierskiej w Koszalinie. Prace Instytutu Budowy Maszyn. -
_g1981, nr 4 [16], s. 117-126
942 _cART
_2UKD
999 _c4473
_d4473